| 000 | 01009nas a2200313 4500 | ||
|---|---|---|---|
| 001 | BR2012003656 | ||
| 003 | BR-BrBNA | ||
| 005 | 20231205120616.0 | ||
| 007 | ta | ||
| 008 | 230509b bl.|||p| |||| 00| 00por d | ||
| 040 |
_aBR-BrBNA _bpor _cBiblioteca Nacional de Agricultura |
||
| 041 | _a(Pt) | ||
| 072 | _aL51; L02 | ||
| 100 | 1 | _aFreitas, C.E.S. | |
| 100 | 1 | _aAbrão, F.O. | |
| 100 | 1 | _aSilva, K.L. | |
| 100 | 1 | _aAlmeida, P.N.M. | |
| 100 | 1 | _aDuarte, E.R. | |
| 245 | 1 | _aFungos aeróbios no intestino grosso de borregos e de ovelhas criados em pastagens tropicais | |
| 246 | 1 | _aAerobic fungi in the large intestine of lambs and ewes raised on tropical pastures | |
| 650 | _aOVELHA | ||
| 650 | _aDIGESTÃO | ||
| 650 | _aINTESTINO | ||
| 650 | _aFUNGO | ||
| 650 | _aPASTAGEM | ||
| 773 | 0 |
_tArquivo Brasileiro de Medicina Veterinária e Zootecnia (Brazil) _xISSN 0102-0935 _g(Feb 2012), v. 64(1) p. 225-227 _wBR2012003656 |
|
| 909 |
_a202311 _bLúcia _c55 _dLúcia Elande |
||
| 942 |
_2AGRIS _n0 _cANA |
||
| 999 |
_c219359 _d219359 |
||